000 01080cam a2200229 4500
001 ABS64604
008 010921n2001 000 0 eng u
035 _a(Sirsi) u114792
100 _aTew, W.
245 _aReform of the land
260 _c2001
490 _aProperty Week
_v66(37) 14 September 2001, 112(1)
520 _aConsiders changes in the framework for supporting and promoting rural businesses, resulting, for instance, from the post-election reshuflle and creation of DEFRA. Also looks at CAP reform, and likely changes in the way funding is channelled in future. Contends that chartered surveyors have a vital role to play in managing the emerging changes in rural businesses as they adjust to the new frameworks set for the rural economy. However warns of likely competition from other professionals who will be bid to take on this role.
590 _aABS
650 _aCAP REFORM
650 _aABOUT RICS-RICS MEMBERS
650 _aEnvironment
_96238
650 _aRURAL ECONOMY
650 _aLand use
_96251
690 _aRURAL
_96268
942 _n0
999 _c68339
_d68339